| 000 | 00462nam a22001697a 4500 | ||
|---|---|---|---|
| 005 | 20260201124627.0 | ||
| 008 | 260201b |||||||| |||| 00| 0 eng d | ||
| 020 |
_a9781412902052 _qpbk |
||
| 082 |
_a305.26084 _bLYM |
||
| 100 | _a E.F. Lymbery,Mark | ||
| 245 | _aSocial Work with Older People | ||
| 260 |
_aNew delhi _b SAGE Publications Ltd _c1 October 2005 |
||
| 300 | _a242 P. | ||
| 504 | _aindex | ||
| 650 | _aSusannah R. Ottaway | ||
| 942 | _cENGLISH | ||
| 999 |
_c609645 _d609645 |
||